<?xml version="1.0" encoding="UTF-8"?><record xmlns="http://www.loc.gov/MARC21/slim" xmlns:zs="http://docs.oasis-open.org/ns/search-ws/sruResponse">
  <leader>02712nam a2200685uu 4500</leader>
  <controlfield tag="001">24077766</controlfield>
  <controlfield tag="005">20250607132934.1</controlfield>
  <controlfield tag="006">m     o  d f      </controlfield>
  <controlfield tag="007">cr cn|||||||||</controlfield>
  <controlfield tag="008">241219s1881    dcu     o    f000 0 eng d</controlfield>
  <datafield ind1=" " ind2=" " tag="035">
    <subfield code="a">24077766</subfield>
  </datafield>
  <datafield ind1=" " ind2=" " tag="906">
    <subfield code="a">0</subfield>
    <subfield code="b">cbc</subfield>
    <subfield code="c">copycat</subfield>
    <subfield code="d">u</subfield>
    <subfield code="e">ncip</subfield>
    <subfield code="f">20</subfield>
    <subfield code="g">y-gencatlg</subfield>
  </datafield>
  <datafield ind1=" " ind2=" " tag="010">
    <subfield code="a">  2024802352</subfield>
  </datafield>
  <datafield ind1=" " ind2=" " tag="035">
    <subfield code="a">(DGPO)SERIALSET-01968_00_00-008-0017-0000</subfield>
  </datafield>
  <datafield ind1=" " ind2=" " tag="035">
    <subfield code="a">(OCoLC)1065785926</subfield>
  </datafield>
  <datafield ind1=" " ind2=" " tag="040">
    <subfield code="a">WYU</subfield>
    <subfield code="b">eng</subfield>
    <subfield code="c">WYU</subfield>
    <subfield code="d">OCLCO</subfield>
    <subfield code="d">DLC</subfield>
  </datafield>
  <datafield ind1=" " ind2=" " tag="042">
    <subfield code="a">lccopycat</subfield>
  </datafield>
  <datafield ind1="0" ind2="0" tag="050">
    <subfield code="a">KF12</subfield>
  </datafield>
  <datafield ind1="0" ind2=" " tag="086">
    <subfield code="a">46-3:H.EX.DOC.17</subfield>
  </datafield>
  <datafield ind1="0" ind2=" " tag="086">
    <subfield code="a">Y 1.1/2:1968</subfield>
  </datafield>
  <datafield ind1="1" ind2=" " tag="110">
    <subfield code="a">United States</subfield>
    <subfield code="b">Congress.</subfield>
    <subfield code="b">House.</subfield>
  </datafield>
  <datafield ind1="1" ind2="0" tag="245">
    <subfield code="a">Sumpawaums Inlet, Patchogue River, and waterway connecting Jamaica Bay with Cornell's Landing. Letter from the Secretary of War, transmitting reports of surveys of the Sumpawaums Inlet, Patchogue River, and waterway connecting Jamaica Bay with Cornell's Landing. January 5, 1881. -- Referred to the Committee on Commerce and ordered to be printed</subfield>
  </datafield>
  <datafield ind1="1" ind2=" " tag="246">
    <subfield code="i">Cited as:</subfield>
    <subfield code="a">H. Ex. Doc. 46-17</subfield>
  </datafield>
  <datafield ind1=" " ind2="1" tag="264">
    <subfield code="a">[Washington, D.C.]:</subfield>
    <subfield code="b">U.S. Government Printing Office,</subfield>
    <subfield code="c">1881.</subfield>
  </datafield>
  <datafield ind1=" " ind2=" " tag="300">
    <subfield code="a">1 online resource (10 pages).</subfield>
  </datafield>
  <datafield ind1=" " ind2=" " tag="336">
    <subfield code="a">text</subfield>
    <subfield code="b">txt</subfield>
    <subfield code="2">rdacontent</subfield>
  </datafield>
  <datafield ind1=" " ind2=" " tag="337">
    <subfield code="a">computer</subfield>
    <subfield code="b">c</subfield>
    <subfield code="2">rdamedia</subfield>
  </datafield>
  <datafield ind1=" " ind2=" " tag="338">
    <subfield code="a">online resource</subfield>
    <subfield code="b">cr</subfield>
    <subfield code="2">rdacarrier</subfield>
  </datafield>
  <datafield ind1="1" ind2=" " tag="490">
    <subfield code="a">House ex. doc. / 46th Congress, 3rd session. House ;</subfield>
    <subfield code="v">no. 17</subfield>
  </datafield>
  <datafield ind1="1" ind2=" " tag="490">
    <subfield code="a">[United States congressional serial set] ;</subfield>
    <subfield code="v">[serial no. 1968]</subfield>
  </datafield>
  <datafield ind1="1" ind2="0" tag="650">
    <subfield code="a">Dikes (Engineering)</subfield>
  </datafield>
  <datafield ind1="1" ind2="0" tag="650">
    <subfield code="a">Dredging.</subfield>
  </datafield>
  <datafield ind1="1" ind2="0" tag="650">
    <subfield code="a">Harbors.</subfield>
  </datafield>
  <datafield ind1="1" ind2="0" tag="650">
    <subfield code="a">Hydrographic surveying.</subfield>
  </datafield>
  <datafield ind1="1" ind2="0" tag="650">
    <subfield code="a">Navigation.</subfield>
  </datafield>
  <datafield ind1="1" ind2="0" tag="650">
    <subfield code="a">Bodies of water.</subfield>
  </datafield>
  <datafield ind1="1" ind2="0" tag="650">
    <subfield code="a">Rivers.</subfield>
  </datafield>
  <datafield ind1="1" ind2="0" tag="650">
    <subfield code="a">Cost.</subfield>
  </datafield>
  <datafield ind1=" " ind2="0" tag="651">
    <subfield code="a">Carlls River (N.Y.)</subfield>
  </datafield>
  <datafield ind1=" " ind2="0" tag="651">
    <subfield code="a">Jamaica Bay.</subfield>
  </datafield>
  <datafield ind1=" " ind2="0" tag="651">
    <subfield code="a">Long Island (N.Y.)</subfield>
  </datafield>
  <datafield ind1=" " ind2="0" tag="651">
    <subfield code="a">Patchogue River (N.Y.)</subfield>
  </datafield>
  <datafield ind1=" " ind2="7" tag="655">
    <subfield code="a">Government publication.</subfield>
    <subfield code="2">marcgt</subfield>
  </datafield>
  <datafield ind1=" " ind2="7" tag="655">
    <subfield code="a">Executive department publications.</subfield>
  </datafield>
  <datafield ind1=" " ind2="7" tag="655">
    <subfield code="a">Legislative materials.</subfield>
    <subfield code="2">lcgft</subfield>
  </datafield>
  <datafield ind1="1" ind2=" " tag="700">
    <subfield code="a">Newton, John.</subfield>
  </datafield>
  <datafield ind1="1" ind2=" " tag="710">
    <subfield code="a">United States.</subfield>
    <subfield code="b">Government Publishing Office,</subfield>
    <subfield code="e">publisher,</subfield>
    <subfield code="e">distributor.</subfield>
  </datafield>
  <datafield ind1="1" ind2=" " tag="710">
    <subfield code="a">United States.</subfield>
    <subfield code="b">Congress.</subfield>
    <subfield code="b">House,</subfield>
    <subfield code="e">author.</subfield>
  </datafield>
  <datafield ind1="1" ind2=" " tag="710">
    <subfield code="a">United States.</subfield>
    <subfield code="b">Army.</subfield>
    <subfield code="b">Corps of Engineers.</subfield>
  </datafield>
  <datafield ind1="1" ind2=" " tag="710">
    <subfield code="a">United States.</subfield>
    <subfield code="b">War Department.</subfield>
  </datafield>
  <datafield ind1="1" ind2=" " tag="710">
    <subfield code="a">United States.</subfield>
    <subfield code="b">War Department.</subfield>
    <subfield code="b">Engineer Department.</subfield>
  </datafield>
  <datafield ind1="4" ind2="0" tag="856">
    <subfield code="d">llserialsetce</subfield>
    <subfield code="f">01968_00_00-008-0017-0000</subfield>
    <subfield code="u">https://hdl.loc.gov/loc.law/llserialsetce.01968_00_00-008-0017-0000</subfield>
  </datafield>
  <datafield ind1=" " ind2=" " tag="884">
    <subfield code="a">Record converted from MODS</subfield>
  </datafield>
  <datafield ind1=" " ind2=" " tag="985">
    <subfield code="a">ll/llserialset/mono</subfield>
  </datafield>
  <datafield ind1=" " ind2=" " tag="985">
    <subfield code="a">ll/llserialset/46-3</subfield>
  </datafield>
  <datafield ind1=" " ind2=" " tag="985">
    <subfield code="a">ll/llserialset/H. Ex.</subfield>
  </datafield>
  <datafield ind1=" " ind2=" " tag="985">
    <subfield code="a">ll/llserialset/v1968</subfield>
  </datafield>
  <datafield ind1=" " ind2=" " tag="985">
    <subfield code="a">ll/llserialset/monobatch241219</subfield>
  </datafield>
  <datafield ind1=" " ind2=" " tag="985">
    <subfield code="a">ll/llserialset/monobatch</subfield>
  </datafield>
  <datafield ind1=" " ind2=" " tag="991">
    <subfield code="h">Electronic Resource</subfield>
  </datafield>
</record>
